Geometrical Algebra for Computer Science: An Object-Oriented Approach to Geometry /

Saved in:
Bibliographic Details
Main Authors: Dorst, Leo (Author), Fontijne, Daniel (Author), Mann, Stephen (Author)
Format: Book
Language:English
Published: Burlington: Elsevier, 2007
Series:The Morgan Kaufmann Series in Computer Graphics
Subjects:
Tags: Add Tag
No Tags, Be the first to tag this record!

MARC

LEADER 00000nam a22000003a 4500
001 0077666
003 SK-STU
005 20191119091747.3
007 ta
008 191119s ----xo-----e------000-0-----d
020 |a 978-0-12-374942-0 
040 |a STU  |b slo 
041 0 |a eng  |h eng 
044 |a xxu 
100 1 |a Dorst, Leo  |4 aut  |r Z6 
245 1 0 |a Geometrical Algebra for Computer Science:  |b An Object-Oriented Approach to Geometry /  |c aut. Leo Dorst, Daniel Fontijne, Stephen Mann 
260 |a Burlington:  |b Elsevier,  |c 2007 
300 |a 626 s. 
490 0 |a The Morgan Kaufmann Series in Computer Graphics 
650 0 7 |a geometric algebra 
650 0 7 |a metric products 
650 0 7 |a subspace identification 
650 0 7 |a models 
700 1 |a Fontijne, Daniel  |r Z6  |4 aut 
700 1 |a Mann, Stephen  |4 aut 
996 |c V* 52958/O-24118  |l VV4  |s P  |a 0  |w 0077666_0001